[Event "Canadian zt (Women)"]
[Site "Toronto"]
[Date "2024.03.31"]
[Round "6"]
[White "Xie, Irene"]
[Black "Leung, Katherine"]
[Result "1-0"]
[WhiteElo "1752"]
[BlackElo "1493"]
[PlyCount "146"]
[EventDate "2024.03.28"]
[EventType "team-swiss"]
[EventRounds "9"]
[EventCountry "CAN"]
[SourceTitle "CB15_2024"]
[SourceDate "2024.04.10"]
[SourceVersion "1"]
[SourceVersionDate "2024.04.10"]
[SourceQuality "1"]

1. e4 c5 2. Nf3 g6 3. d4 cxd4 4. Nxd4 Nc6 5. Nxc6 bxc6 6. Bd3 Bg7 7. 0-0 Nf6 8. c3 0-0 9. Qc2 Qc7 10. Re1 Ng4 11. g3 Ne5 12. Be2 d6 13. Bf4 Bb7 14. Bxe5 Bxe5 15. Na3 Bg7 16. Rad1 Rfd8 17. Bf3 e6 18. Bg2 a6 19. Nb1 d5 20. Nd2 Rac8 21. Nb3 Qb6 22. Kh1 c5 23. exd5 Bxd5 24. Bxd5 Rxd5 25. Rxd5 exd5 26. Rd1 Qb5 27. Kg1 Qb7 28. Qe2 c4 29. Nd4 Rb8 30. Rd2 Bxd4 31. cxd4 Qd7 32. Rc2 Re8 33. Qf3 Qa4 34. Rc1 Qd7 35. b3 cxb3 36. axb3 Re4 37. Qd3 Qb7 38. Rc5 Re6 39. Qf3 Rd6 40. Qf4 Qe7 41. Rc1 Rb6 42. Qf3 Qd7 43. Rc5 Rb5 44. Rc3 Rb6 45. h4 Rc6 46. Re3 Kg7 47. Re5 Qh3 48. Qd1 Qd7 49. Qe2 Qh3 50. Qe1 Re6 51. Rxe6 Qxe6 52. Qxe6 fxe6 53. Kg2 Kf6 54. Kf3 e5 55. dxe5+ Kxe5 56. Ke3 d4+ 57. Kd3 a5 58. f3 Kd5 59. g4 Kc5 60. f4 Kb4 61. f5 gxf5 62. gxf5 Kxb3 63. f6 a4 64. f7 a3 65. f8Q a2 66. Qf1 Kb2 67. Qe2+ Ka3 68. Qd1 Kb2 69. Qc2+ Ka3 70. Qc1+ Kb3 71. Kxd4 Kb4 72. Qc4+ Ka5 73. Kc5 h5 1-0